[Event "31. DSenEM2019 Gruppe 65+"]
[Site "Radebeul"]
[Date "2019.05.02"]
[Round "7.1"]
[White "Rotstein, Jefim"]
[Black "Juhnke, Juergen"]
[Result "1-0"]
[WhiteElo "2326"]
[BlackElo "2230"]
[PlyCount "107"]
[EventDate "2019.??.??"]
[WhiteTeam "SC Tornado Hochneukirch"]
[BlackTeam "HSK Lister Turm"]

 1. d4 Nf6 2. c4 g6 3. Nc3 Bg7 4. e4 d6 5. f4 O-O 6. Nf3
e5 7. dxe5 dxe5 8. Qxd8 Rxd8 9. fxe5 Ng4 10. Bg5 Re8 11. Nd5 Na6 12. c5 Be6 13.
Bxa6 Bxd5 14. exd5 bxa6 15. O-O-O Nxe5 16. Nxe5 Bxe5 17. d6 cxd6 18. cxd6 f6
19. d7 Red8 20. Rhe1 Kf7 21. Rxe5 fxe5 22. Rd6 h6 23. Bf6 Rxd7 24. Rxd7+ Kxf6
25. Kd2 a5 26. b3 a4 27. b4 Ke6 28. Rg7 Kf5 29. Rc7 a5 30. b5 Rb8 31. Rc5 Ke4
32. Kc3 Rd8 33. b6 Rd1 34. Rxa5 Rc1+ 35. Kd2 Rb1 36. Rxa4+ Kd5 37. Ra6 e4 38.
Kc2 Rb4 39. a3 Rc4+ 40. Kd2 Kc6 41. b7+ Kxb7 42. Rxg6 Ra4 43. Rxh6 Rxa3 44. Rg6
Kc7 45. h4 Kd7 46. h5 Ke7 47. h6 Ra8 48. g4 Kf7 49. Rg7+ Kf6 50. g5+ Kf5 51. h7
Ra2+ 52. Ke3 Ra3+ 53. Kf2 Rh3 54. g6 1-0

[Event "31. DSenEM2019 Gruppe 65+"]
[Site "Radebeul"]
[Date "2019.05.02"]
[Round "7.2"]
[White "Syré, Christian"]
[Black "Kiefer, Gerhard"]
[Result "1/2-1/2"]
[WhiteElo "2210"]
[BlackElo "2279"]
[PlyCount "31"]
[EventDate "2019.??.??"]
[WhiteTeam "TSG Oberschöneweide"]
[BlackTeam "SC Emmendingen"]

1. c4 e5 2. Nc3 Nf6 3. Nf3 Nc6 4. g3 d5 5. cxd5 Nxd5 6. Bg2 Nb6 7. O-O Be7 8.
d3 O-O 9. a3 Be6 10. Be3 f5 11. Na4 f4 12. Bd2 g5 13. Nxb6 axb6 14. Bc3 Bf6 15.
Nd2 g4 16. Rc1 1/2-1/2

[Event "31. DSenEM2019 Gruppe 65+"]
[Site "Radebeul"]
[Date "2019.05.02"]
[Round "7.3"]
[White "Khanukov, Boris"]
[Black "Dresen, Ulrich"]
[Result "1/2-1/2"]
[WhiteElo "2250"]
[BlackElo "2228"]
[PlyCount "112"]
[EventDate "2019.??.??"]
[WhiteTeam "Bahn-SC Wuppertal"]
[BlackTeam "SF Gerresheim"]

1. c4 e6 2. Nc3 d5 3. d4 Be7 4. Nf3 Nf6 5. Bg5 h6 6. Bh4 Nbd7 7. cxd5 Nxd5 8.
Bxe7 Qxe7 9. e4 Nxc3 10. bxc3 O-O 11. Bd3 b6 12. O-O c5 13. a4 Bb7 14. Re1 cxd4
15. cxd4 Rfd8 16. a5 Qd6 17. Qb3 Rac8 18. axb6 axb6 19. Rab1 Rc7 20. Bb5 Bc6
21. Bc4 Rdc8 22. Bf1 Bb7 23. Re3 Rc1 24. Re1 R1c3 25. Qa4 Ra8 26. Qb4 Qxb4 27.
Rxb4 Nf6 28. e5 Nd5 29. Rb2 Ra4 30. Reb1 Ba6 31. Bxa6 Rxa6 32. Rd1 Ra4 33. Kf1
Kf8 34. Ne1 g5 35. g3 Kg7 36. h3 Kg6 37. Rdd2 h5 38. Nc2 b5 39. Ke2 h4 40. Rd3
hxg3 41. fxg3 Rac4 42. Rxc3 Rxc3 43. Kf2 g4 44. hxg4 Kg5 45. Nb4 Ne3 46. Ke2
Nc4 47. Rb1 Rxg3 48. Nc6 Rg2+ 49. Kd3 Na3 50. Rf1 Rg3+ 51. Ke2 Rg2+ 52. Kd3
Rg3+ 53. Ke2 Rg2+ 54. Kd3 Rg3+ 55. Ke2 Rg2+ 56. Kd3 Rg3+ 1/2-1/2

[Event "31. DSenEM2019 Gruppe 65+"]
[Site "Radebeul"]
[Date "2019.05.02"]
[Round "7.4"]
[White "Knaak, Joachim"]
[Black "Schmidt, Bodo"]
[Result "1/2-1/2"]
[WhiteElo "2139"]
[BlackElo "2313"]
[PlyCount "109"]
[EventDate "2019.??.??"]
[WhiteTeam "SV Dresden-Leuben"]
[BlackTeam "SC Siegburg"]

1. d4 d5 2. c4 c6 3. Nf3 Nf6 4. Nc3 a6 5. e3 b5 6. cxd5 cxd5 7. Bd3 Bb7 8. O-O
e6 9. Qe2 Nbd7 10. e4 dxe4 11. Nxe4 Be7 12. Rd1 O-O 13. Bf4 Nxe4 14. Bxe4 Bxe4
15. Qxe4 Nf6 16. Qe2 Qd5 17. h3 Rfc8 18. a4 b4 19. Rac1 Qb3 20. Rxc8+ Rxc8 21.
Ra1 a5 22. Qa6 Rd8 23. Rc1 Qxa4 24. Bc7 Rd5 25. Bb6 h6 26. Ne5 Qb5 27. Qa7 Nd7
28. Rc8+ Kh7 29. Nxd7 Rxd7 30. Qxa5 Qxa5 31. Bxa5 Rxd4 32. Kf1 Rd5 33. Ra8 Rd1+
34. Ke2 Rb1 35. Ra7 Rxb2+ 36. Kd3 Bf6 37. Rxf7 b3 38. Bc3 Rxf2 39. Bxf6 Rxf6
40. Rb7 Rg6 41. g4 h5 42. Rb4 Kh6 43. Ke3 hxg4 44. hxg4 Kg5 45. Kf3 Kh4 46.
Rxb3 Rf6+ 47. Kg2 g5 48. Rg3 Rf4 49. Re3 Rf6 50. Re4 Rf4 51. Rxe6 Rxg4+ 52. Kh2
Ra4 53. Re2 Kg4 54. Rg2+ Kf4 55. Rf2+ 1/2-1/2

[Event "31. DSenEM2019 Gruppe 65+"]
[Site "Radebeul"]
[Date "2019.05.02"]
[Round "7.5"]
[White "Werner, Clemens"]
[Black "Kierzek, Matthias"]
[Result "1-0"]
[WhiteElo "2292"]
[BlackElo "2196"]
[PlyCount "25"]
[EventDate "2019.??.??"]
[WhiteTeam "SK Ettlingen"]
[BlackTeam "SC Fulda"]

1. e4 c6 2. Nc3 d5 3. Nf3 Bg4 4. d4 Nf6 5. Bd3 dxe4 6. Nxe4 Bxf3 7. Qxf3 Qxd4
8. Be3 Qd8 9. Nxf6+ gxf6 10. O-O-O Qa5 11. Bc4 Nd7 12. Qh3 Ne5 13. f4 1-0

[Event "31. DSenEM2019 Gruppe 65+"]
[Site "Radebeul"]
[Date "2019.05.02"]
[Round "7.7"]
[White "Dekan, Hans"]
[Black "Ackermann, Hans Werner"]
[Result "0-1"]
[WhiteElo "2102"]
[BlackElo "2237"]
[PlyCount "110"]
[EventDate "2019.??.??"]
[WhiteTeam "SC Eppingen"]
[BlackTeam "SC Hansa Dortmund"]

 1. e4 d6 2. d4 g6 3. Nf3 Bg7 4. Nc3 a6
5. a4 Nf6 6. Bc4 O-O 7. O-O c6 8. h3 d5 9. Bd3 dxe4 10. Nxe4 Nbd7 11. c3 Qc7
12. Bg5 h6 13. Nxf6+ Nxf6 14. Bh4 Nh5 15. Re1 Bf6 16. Bxf6 exf6 17. Qd2 Kg7 18.
Re3 Nf4 19. Bf1 Be6 20. Rae1 Rad8 21. Re4 g5 22. g3 Ng6 23. R4e3 Qc8 24. Kh2
Rh8 25. Qc2 a5 26. Bd3 Nf8 27. Bf1 Qd7 28. Ng1 h5 29. Bd3 h4 30. g4 Qd6+ 31.
Kg2 b5 32. axb5 cxb5 33. Bf5 Bd5+ 34. Be4 Ng6 35. Ne2 Bxe4+ 36. Qxe4 Rhe8 37.
Qf3 Rxe3 38. fxe3 b4 39. Rf1 bxc3 40. Nxc3 Rb8 41. Rf2 Rb6 42. Ne4 Qe7 43. d5
Ne5 44. d6 Rxd6 45. Nxd6 Qxd6 46. Qe2 Qd5+ 47. e4 Qb3 48. Qf1 Nd3 49. Rd2 Nf4+
50. Kh1 Qe3 51. Rf2 Qxe4+ 52. Kh2 Qe5 53. Kh1 a4 54. Kg1 Qd4 55. Kh1 Nxh3 0-1

[Event "31. DSenEM2019 Gruppe 65+"]
[Site "Radebeul"]
[Date "2019.05.02"]
[Round "7.8"]
[White "Hülsmann, Josef"]
[Black "Lutz, Albert"]
[Result "1-0"]
[WhiteElo "2215"]
[BlackElo "2138"]
[PlyCount "111"]
[EventDate "2019.??.??"]
[WhiteTeam "Langenfelder SF"]
[BlackTeam "SK Krumbach"]

 1. d4
Nf6 2. Bg5 d5 3. Bxf6 exf6 4. e3 Bf5 5. Ne2 Bd6 6. Nd2 O-O 7. g3 c6 8. Bg2 Re8
9. O-O b5 10. a4 b4 11. a5 Na6 12. Nb3 Rb8 13. Qd2 Rb7 14. Nec1 Rbe7 15. Re1
Qc8 16. Nd3 Be4 17. Ra4 Bxg2 18. Kxg2 Qb7 19. Nbc5 Bxc5 20. dxc5 b3 21. cxb3
Qxb3 22. Rd4 Qb7 23. Rc1 Nc7 24. Nf4 Re5 25. h4 Qa6 26. Ne2 g6 27. b4 Nb5 28.
Rf4 f5 29. Qb2 f6 30. g4 Qc8 31. Ng3 fxg4 32. Rxf6 Kg7 33. Rf4 h5 34. Ne2 Kh6
35. Rd1 Rf5 36. Qc2 Ref8 37. Qd2 Qe8 38. Rxf5 Qe4+ 39. Kg1 gxf5 40. Ng3 Qe5 41.
e4+ f4 42. exd5 cxd5 43. Re1 Qc3 44. Re6+ Kh7 45. Qxc3 Nxc3 46. Nxh5 Rb8 47.
Nf6+ Kg7 48. Nxg4 Rxb4 49. h5 f3 50. h6+ Kf7 51. Rf6+ Ke7 52. Rg6 Rb1+ 53. Kh2
Rb8 54. Ra6 d4 55. Ne5 Rg8 56. Ng6+ 1-0

[Event "31. DSenEM2019 Gruppe 65+"]
[Site "Radebeul"]
[Date "2019.05.02"]
[Round "7.9"]
[White "Hanisch, Friedrich"]
[Black "Schumacher, Gottfried"]
[Result "1-0"]
[WhiteElo "2095"]
[BlackElo "2202"]
[PlyCount "41"]
[EventDate "2019.??.??"]
[WhiteTeam "SV Altensittenbach"]
[BlackTeam "HTC Bad Neuenahr"]

 1. d4 d5
2. c4 e6 3. Nc3 Nf6 4. cxd5 Nxd5 5. e4 Nxc3 6. bxc3 c5 7. Nf3 cxd4 8. cxd4 Nc6
9. Bc4 b5 10. Be2 a6 11. O-O Bb7 12. Bb2 Rc8 13. Rc1 Na5 14. Rxc8 Qxc8 15. d5
Nc4 16. Bxc4 Qxc4 17. dxe6 Qxe6 18. Qd4 f6 19. Rd1 Be7 20. h3 Kf7 21. Ng5+ 1-0

[Event "31. DSenEM2019 Gruppe 65+"]
[Site "Radebeul"]
[Date "2019.05.02"]
[Round "7.10"]
[White "Prüfer, Friedbert"]
[Black "Siegmund, Rainer"]
[Result "1-0"]
[WhiteElo "2196"]
[BlackElo "2093"]
[PlyCount "115"]
[EventDate "2019.??.??"]
[WhiteTeam "TSG Taucha"]
[BlackTeam "SV Dresden-Striesen"]

1. d4 Nf6 2. Bg5 d5 3. e3 e6 4. Nd2 c5 5. c3 Nbd7 6. Bd3 Be7 7. f4 O-O 8. Nh3
b6 9. Nf2 Bb7 10. g4 Ne8 11. Bxe7 Qxe7 12. g5 f5 13. gxf6 Ndxf6 14. Rg1 Nd6 15.
Qf3 Rac8 16. O-O-O c4 17. Bc2 b5 18. Ng4 b4 19. Qh3 Nde4 20. Nxe4 dxe4 21.
Nxf6+ Rxf6 22. Qh4 bxc3 23. bxc3 Bd5 24. Kd2 Rb8 25. Rb1 Rb6 26. Rxb6 axb6 27.
Qe1 Rf8 28. Qb1 Qb7 29. Qb4 Qc7 30. Rb1 Rf6 31. Rf1 Rg6 32. Rf2 h6 33. Bd1 Rf6
34. h4 Kh7 35. h5 Qd8 36. Rg2 Qc7 37. Rg4 Qd8 38. Be2 Qc7 39. Rg1 Rf7 40. Rb1
g5 41. hxg6+ Kxg6 42. Qxb6 Qxb6 43. Rxb6 Ra7 44. Rb2 h5 45. Kc1 Kh6 46. Bd1 Ra3
47. Rc2 Bc6 48. Kb2 Ra7 49. Rh2 Be8 50. a4 Bxa4 51. Rxh5+ Kg6 52. Rg5+ Kf6 53.
Bxa4 Rxa4 54. Rb5 Ra8 55. Re5 Rb8+ 56. Kc2 Rh8 57. Rxe4 Rh2+ 58. Kb1 1-0

[Event "31. DSenEM2019 Gruppe 65+"]
[Site "Radebeul"]
[Date "2019.05.02"]
[Round "7.11"]
[White "Kreutzkamp, Hans-Rudolf"]
[Black "Rahls, Peter"]
[Result "0-1"]
[WhiteElo "2068"]
[BlackElo "2193"]
[PlyCount "63"]
[EventDate "2019.??.??"]
[WhiteTeam "SK Union Eimsbuettel"]
[BlackTeam "SK Zehlendorf"]

1. e4 c5 2. c4 e6 3. Nc3 d6 4. f4 Nc6 5. Nf3 Nf6 6. Be2 d5 7. e5 Ng4 8. Ng5 Nh6
9. O-O Be7 10. cxd5 exd5 11. Bf3 Bxg5 12. fxg5 Nf5 13. Bxd5 O-O 14. d3 Nce7 15.
Be4 Be6 16. Bxb7 Rb8 17. Be4 Qd4+ 18. Kh1 Rfd8 19. Ne2 Qd7 20. b3 Bd5 21. Bxf5
Nxf5 22. Nf4 Bc6 23. e6 fxe6 24. Bb2 Ne3 25. Qe2 Nxf1 26. Rxf1 Rf8 27. Qe5 Rbe8
28. g6 hxg6 29. Re1 Rf5 30. Qe3 Qf7 31. Be5 g5 32. Qxc5 0-1

[Event "31. DSenEM2019 Gruppe 65+"]
[Site "Radebeul"]
[Date "2019.05.02"]
[Round "7.12"]
[White "Baum, Bernd"]
[Black "Westphal, Norbert"]
[Result "1/2-1/2"]
[WhiteElo "2183"]
[BlackElo "2048"]
[PlyCount "103"]
[EventDate "2019.??.??"]
[WhiteTeam "SC Fulda"]
[BlackTeam "BSV Chemie Radebeul"]

1. c4 Nf6 2. g3 e6 3. Bg2 d5 4. Nf3 c5 5. O-O Nc6 6. b3 d4 7. e3 e5 8. exd4
exd4 9. Re1+ Be7 10. d3 O-O 11. Na3 h6 12. Nc2 Bg4 13. a3 Qd7 14. Rb1 a5 15.
Qd2 Bd6 16. b4 axb4 17. axb4 Ra2 18. bxc5 Bxc5 19. Ne5 Nxe5 20. Rxe5 b6 21. Rb2
Raa8 22. Bxa8 Rxa8 23. f4 Bf3 24. Ne1 Bb7 25. Ra2 Ng4 26. Re2 Qc6 27. Ng2 Ne3
28. Rxa8+ Bxa8 29. Qa2 Nxg2 30. Rxg2 Qxg2+ 31. Qxg2 Bxg2 32. Kxg2 f5 33. Kf3 h5
34. Ke2 Kf7 35. Kd1 Ke6 36. Kc2 Kd7 37. Kb3 Kc6 38. Ka4 Be7 39. h4 Bf6 40. Ba3
g6 41. Bf8 Bh8 42. Kb4 Bf6 43. c5 bxc5+ 44. Kc4 Bd8 45. Bxc5 Ba5 46. Kxd4 Be1
47. Be7 Kd7 48. Bg5 Ke6 49. Kc5 Bxg3 50. Kc6 Bf2 51. Kc7 Bd4 52. Kc6 1/2-1/2

[Event "31. DSenEM2019 Gruppe 65+"]
[Site "Radebeul"]
[Date "2019.05.02"]
[Round "7.13"]
[White "Esswein, Karlheinz"]
[Black "Braun, Gottfried"]
[Result "1/2-1/2"]
[WhiteElo "2077"]
[BlackElo "2181"]
[PlyCount "203"]
[EventDate "2019.??.??"]
[WhiteTeam "SK Ludwigshafen"]
[BlackTeam "SG Leipzig"]

1. Nf3 d6 2. d4 Nf6 3. c4 Nc6 4. d5 Ne5 5. Nxe5 dxe5 6. Nc3 e6 7. g3 exd5 8.
cxd5 Bc5 9. Bg2 O-O 10. O-O h6 11. Qd3 Qe7 12. Be3 Bd6 13. h3 a6 14. Rac1 Re8
15. Ne4 Nxe4 16. Qxe4 f5 17. Qc4 Bd7 18. Rfe1 b6 19. Bd2 e4 20. a3 Qf7 21. e3
b5 22. Qb3 c5 23. Ba5 c4 24. Qc2 Rac8 25. Red1 g5 26. Bb4 Bxb4 27. axb4 Qe7 28.
d6 Qe6 29. Rd4 Rc6 30. Rcd1 Rd8 31. g4 fxg4 32. Bxe4 Qf6 33. hxg4 Rb6 34. Bg2
Kg7 35. Qd2 Rc6 36. Qe2 Rb6 37. f4 Re8 38. Qf2 Re6 39. Qd2 gxf4 40. exf4 Qh4
41. f5 Re8 42. Qf2 Qxf2+ 43. Kxf2 h5 44. Bf3 Rbb8 45. Kg3 hxg4 46. Bxg4 Bxf5
47. d7 Red8 48. Kf4 Bxg4 49. Kxg4 Kf6 50. Kf3 Ke7 51. R1d2 Rb6 52. Rg4 Rf8+ 53.
Kg2 Kd8 54. Rg5 Re6 55. Rg7 Re7 56. Rg6 Rxd7 57. Rxd7+ Kxd7 58. Rxa6 Kc7 59.
Re6 Rd8 60. Re2 Rd3 61. Kf2 Rb3 62. Ke1 Rxb4 63. Kd1 Rb3 64. Kc1 Kd6 65. Kc2
Rb4 66. Rd2+ Kc5 67. Rd8 Rb3 68. Rb8 Rh3 69. Rb7 Rh2+ 70. Kc1 b4 71. Rc7+ Kb5
72. Ra7 Rh5 73. Ra8 Kb6 74. Rc8 Rc5 75. Ra8 Rc6 76. Kc2 Kc5 77. Rd8 Rd6 78.
Rc8+ Kd4 79. Kd2 Rh6 80. Rd8+ Kc5 81. Rc8+ Kb5 82. Ra8 Rh7 83. Kc1 Rd7 84. Kc2
b3+ 85. Kc1 Kc5 86. Rc8+ Kd4 87. Kd2 Rd5 88. Rc7 Rh5 89. Rd7+ Kc5 90. Rc7+ Kb4
91. Rb7+ Rb5 92. Ra7 Rd5+ 93. Kc1 Ra5 94. Rb7+ Kc5 95. Rc7+ Kd5 96. Rd7+ Kc6
97. Rd8 Ra1+ 98. Kd2 Rb1 99. Kc3 Rc1+ 100. Kb4 Rc2 101. Rd4 Rxb2 102. Rxc4+
1/2-1/2

[Event "31. DSenEM2019 Gruppe 65+"]
[Site "Radebeul"]
[Date "2019.05.02"]
[Round "7.14"]
[White "Boeven, Manfred"]
[Black "Rosen, Willy"]
[Result "1/2-1/2"]
[WhiteElo "2066"]
[BlackElo "2178"]
[PlyCount "76"]
[EventDate "2019.??.??"]
[WhiteTeam "SF Geilenkirchen"]
[BlackTeam "SF Essen-Katernberg"]

1. d4 Nf6 2. Nc3 d5 3. Bg5 c5 4. Bxf6 gxf6 5. e3 cxd4 6. exd4 Nc6 7. Qh5 e6 8.
Nf3 Bd7 9. Bb5 Rc8 10. O-O a6 11. Bxc6 Rxc6 12. Rfe1 Be7 13. Re3 Rd6 14. Rae1
h6 15. Nh4 Bc8 16. f4 Kf8 17. f5 e5 18. dxe5 fxe5 19. Rxe5 Bf6 20. R5e2 Bd7 21.
Nf3 Qb6+ 22. Kh1 Qxb2 23. Nd1 Qxa2 24. Ne5 Bxe5 25. Rxe5 d4 26. Qh4 f6 27. Re7
Bc6 28. Qg3 Qg8 29. Re8+ Bxe8 30. Qxd6+ Kg7 31. Re7+ Bf7 32. Qxd4 Qd8 33. Qg4+
Kf8 34. Rxb7 Rg8 35. Qh4 Kg7 36. Ne3 Re8 37. Qg4+ Kf8 38. Qh4 Kg8 1/2-1/2

[Event "31. DSenEM2019 Gruppe 65+"]
[Site "Radebeul"]
[Date "2019.05.02"]
[Round "7.15"]
[White "Szenetra, Werner"]
[Black "Vasiljev, Jurij"]
[Result "1-0"]
[WhiteElo "2177"]
[BlackElo "2042"]
[PlyCount "155"]
[EventDate "2019.??.??"]
[WhiteTeam "SV Berenbostel"]
[BlackTeam "SF Moers"]

1. e4 c5 2. Nf3 d6 3. g3 Nf6 4. d3 g6 5. Bg2 Nc6 6. O-O Bg7 7. c3 O-O 8. Re1 e5
9. a3 a5 10. a4 h6 11. Na3 Be6 12. h3 Nh7 13. Nb5 Qd7 14. Kh2 d5 15. exd5 Bxd5
16. Be3 b6 17. d4 e4 18. dxc5 exf3 19. Bxf3 Rad8 20. Bxd5 Qxd5 21. Qxd5 Rxd5
22. cxb6 Rb8 23. Rad1 Nf6 24. Nc7 Rd7 25. Kg2 Rbd8 26. Rxd7 Rxd7 27. c4 Bf8 28.
Rc1 Bd6 29. Rd1 Bxc7 30. Rxd7 Nxd7 31. bxc7 Ne7 32. Bd2 Nb6 33. b3 Nc6 34. Bxh6
Nc8 35. Be3 Kf8 36. g4 Ke7 37. h4 Kd7 38. h5 gxh5 39. gxh5 Kxc7 40. h6 N8e7 41.
h7 Ng6 42. Bd2 Kd6 43. Bc3 Ke6 44. Kf3 f6 45. Ke4 Nh8 46. f4 f5+ 47. Kd3 Ng6
48. h8=Q Nxh8 49. Bxh8 Kd6 50. Bg7 Nd8 51. Bd4 Kc6 52. Bc3 Ne6 53. Bxa5 Nxf4+
54. Ke3 Ne6 55. Bb4 f4+ 56. Ke4 f3 57. Kxf3 Nd4+ 58. Ke4 Nxb3 59. a5 Kb7 60.
Kd3 Ka6 61. Kc3 Nc1 62. Ba3 Ne2+ 63. Kd3 Nf4+ 64. Ke4 Ne6 65. Bb4 Kb7 66. Kd5
Nc7+ 67. Kd6 Ne8+ 68. Ke7 Ng7 69. Kd7 Nf5 70. Bc3 Ne3 71. c5 Nd5 72. c6+ Ka6
73. Bd2 Nf6+ 74. Ke6 Ne8 75. Bc3 Kb5 76. Kd7 Kc5 77. a6 Kb6 78. Bd4+ 1-0

[Event "31. DSenEM2019 Gruppe 65+"]
[Site "Radebeul"]
[Date "2019.05.02"]
[Round "7.16"]
[White "Schmidt, Gerhard"]
[Black "Paus, Franz"]
[Result "1-0"]
[WhiteElo "2172"]
[BlackElo "2041"]
[Annotator "lenovo"]
[PlyCount "103"]
[EventDate "2019.??.??"]
[WhiteTeam "SC Unterhaching"]
[BlackTeam "Schachfüchse Kempen"]

1. d4 c5 2. dxc5 e6 3. e4 Bxc5 4. Bd3 Nf6 5. Nc3 Nc6 6. Nf3 d5 7. exd5 Nxd5 8.
Nxd5 Qxd5 9. O-O Nb4 10. Bb5+ Bd7 11. Bxd7+ Qxd7 {(=)} 12. Qe2 O-O 13. a3 Nc6
14. Rd1 Qe7 15. b4 Bb6 16. c4 Rad8 17. Bb2 f6 18. Rxd8 Rxd8 19. Rd1 Rxd1+ 20.
Qxd1 Qd8 21. Qxd8+ Bxd8 22. Kf1 Kf7 23. Ke2 Ke7 24. Bc3 g6 25. g4 {(=)} g5 26.
Kd3 Bc7 27. h3 Bf4 28. b5 Nb8 29. c5 h6 30. Kc4 a6 31. a4 axb5+ 32. Kxb5 Bc7
33. Ba5 Bf4 34. Nd4 Kd7 35. Bc3 Bc7 36. Nb3 Bd8 37. Nd4 Bc7 38. Nb3 Bd8 39. Ba5
Be7 40. Nd4 Nc6 41. Nxc6 bxc6+ 42. Kc4 Kc8 43. f3 Kb7 44. Be1 Ka6 45. Kb4 Bd8
46. Bg3 Ba5+ 47. Kc4 Bd2 48. Bd6 Ka5 49. Bf8 Kxa4 50. Bxh6 Bc1 51. h4 gxh4 52.
Bxc1 1-0

[Event "31. DSenEM2019 Gruppe 65+"]
[Site "Radebeul"]
[Date "2019.05.02"]
[Round "7.17"]
[White "Böhm, Erwin"]
[Black "Petzold, Hans"]
[Result "1/2-1/2"]
[WhiteElo "2155"]
[BlackElo "2017"]
[PlyCount "108"]
[EventDate "2019.??.??"]
[WhiteTeam "SV Dresden-Leuben"]
[BlackTeam "USV TU Dresden"]

1. e4 e5 2. Nf3 Nc6 3. Bb5 a6 4. Bxc6 dxc6 5. d4 exd4 6. Qxd4 Qxd4 7. Nxd4 Bd7
8. Be3 O-O-O 9. Nc3 g6 10. O-O-O Bg7 11. Nde2 Ne7 12. Bd4 Bxd4 13. Nxd4 Rhe8
14. Rhe1 c5 15. Nb3 b6 16. Nd5 Nxd5 17. Rxd5 Be6 18. Rxd8+ Kxd8 19. f3 Ke7 20.
Kd2 Kf6 21. Ke3 g5 22. Nd2 Kg6 23. g4 h5 24. h3 a5 25. Nb1 hxg4 26. hxg4 Rh8
27. Nc3 Kf6 28. Re2 Ke5 29. Rd2 f6 30. Ne2 b5 31. Nc3 Rh7 32. b3 b4 33. Nd1 Rd7
34. Rxd7 Bxd7 35. Nb2 Bb5 36. Nd3+ Kd6 37. f4 c4 38. e5+ fxe5 39. Nxe5 gxf4+
40. Kxf4 cxb3 41. cxb3 Ke6 42. Ke4 c5 43. g5 a4 44. g6 Kf6 45. Kd5 axb3 46.
axb3 c4 47. Nxc4 Kxg6 48. Kc5 Ba6 49. Kxb4 Kf6 50. Ka5 Bb7 51. b4 Ke6 52. Kb6
Bd5 53. Kc5 Bf3 54. b5 Bg2 1/2-1/2

[Event "31. DSenEM2019 Gruppe 65+"]
[Site "Radebeul"]
[Date "2019.05.02"]
[Round "7.18"]
[White "Beilfuss, Wilfried"]
[Black "Zschunke, Werner"]
[Result "1-0"]
[WhiteElo "2148"]
[BlackElo "2002"]
[PlyCount "27"]
[EventDate "2019.??.??"]
[BlackTeam "SK Schweinfurt"]

1. g3 e5 2. c4 Nf6 3. Bg2 d5 4. cxd5 Nxd5 5. Nf3 Nc6 6. O-O Be6 7. d4 exd4 8.
Nxd4 Nxd4 9. Qxd4 c6 10. Nc3 Qf6 11. Qa4 Nxc3 12. Bxc6+ bxc6 13. Qxc6+ Ke7 14.
bxc3 1-0

[Event "31. DSenEM2019 Gruppe 65+"]
[Site "Radebeul"]
[Date "2019.05.02"]
[Round "7.19"]
[White "Essegern, Kurt"]
[Black "Waltenberger, Udo"]
[Result "1/2-1/2"]
[WhiteElo "2116"]
[BlackElo "1944"]
[PlyCount "25"]
[EventDate "2019.??.??"]
[WhiteTeam "Bad Salzungen"]
[BlackTeam "SV Eiche Reichenbrand"]

1. e4 c5 2. Nf3 Nc6 3. d4 cxd4 4. Nxd4 g6 5. Nc3 Bg7 6. Be3 Nf6 7. Bc4 O-O 8.
Bb3 a5 9. a4 Ng4 10. Nxc6 Nxe3 11. Nxd8 Nxd1 12. Nxd1 Rxd8 13. c3 1/2-1/2

[Event "31. DSenEM2019 Gruppe 65+"]
[Site "Radebeul"]
[Date "2019.05.02"]
[Round "7.20"]
[White "Eskandary, Jahya"]
[Black "Neumann, Joachim"]
[Result "0-1"]
[WhiteElo "2062"]
[BlackElo "2116"]
[PlyCount "78"]
[EventDate "2019.??.??"]
[WhiteTeam "SV Lok Dresden"]
[BlackTeam "SC Agon Neumünster"]

1. e4 c5 2. Nc3 e6 3. Bc4 a6 4. d3 b5 5. Bb3 Bb7 6. a3 Nf6 7. Nf3 Be7 8. O-O d5
9. exd5 exd5 10. d4 c4 11. Ba2 O-O 12. Bf4 Nc6 13. Rc1 Ne4 14. Nb1 b4 15. Ne5
bxa3 16. Nxc6 Bxc6 17. bxa3 Qb6 18. c3 Qa5 19. f3 Nf6 20. Rf2 Rfe8 21. Bg5 Ne4
22. fxe4 Bxg5 23. Nd2 Be3 24. exd5 Qxd5 25. Qf1 Qg5 26. Bxc4 Bxg2 27. Bxf7+ Kh8
28. h4 Qg3 29. Qxg2 Bxf2+ 30. Kh1 Qxh4+ 31. Qh2 Qxh2+ 32. Kxh2 Re2 33. Nb3 Be3+
34. Kg3 Bxc1 35. Nxc1 Rc2 36. Na2 Rb8 37. Be6 Rb6 38. Bc4 Rc6 39. Bd5 R6xc3+
0-1

[Event "31. DSenEM2019 Gruppe 65+"]
[Site "Radebeul"]
[Date "2019.05.02"]
[Round "7.21"]
[White "Selig, Rainer"]
[Black "Leiber, Bernard"]
[Result "1-0"]
[WhiteElo "2048"]
[BlackElo "2110"]
[PlyCount "193"]
[EventDate "2019.??.??"]
[WhiteTeam "SpV Ebersbach/SA"]
[BlackTeam "SV Osnabrück"]

1. d4 Nf6 2. c4 e6 3. Nc3 Bb4 4. Qc2 c5 5. dxc5 Na6 6. Nf3 Nxc5 7. e3 Nce4 8.
Bd3 Nxc3 9. bxc3 Be7 10. O-O Qc7 11. e4 e5 12. a4 O-O 13. a5 d6 14. Qe2 Nd7 15.
Be3 Nc5 16. Bc2 Bd7 17. Nd2 Ne6 18. g3 Bf6 19. Ra3 Rfe8 20. Ba4 Qxa5 21. Rfa1
Qc7 22. Bxd7 Qxd7 23. Rxa7 Rxa7 24. Rxa7 Qc6 25. Qd3 g6 26. Qd5 Nd8 27. Nb3 Qc7
28. c5 Be7 29. Na5 dxc5 30. Nxb7 Nc6 31. Nd8 Qxd8 32. Qxc6 Qb8 33. Rc7 Bf8 34.
Kg2 Re6 35. Rc8 Rxc6 36. Rxb8 Kg7 37. c4 Ra6 38. Rb5 Rc6 39. Kf3 Kf6 40. g4 Bd6
41. h4 h5 42. g5+ Ke6 43. Ke2 Kd7 44. Kd3 Rc7 45. Ra5 Be7 46. Ke2 Rc6 47. Kf3
Kd6 48. Ra7 Ke6 49. Ra5 Bd6 50. Rb5 Kd7 51. Ra5 Rc7 52. Rb5 Kc6 53. Ra5 Rb7 54.
Ra6+ Kd7 55. Ra5 Rb3 56. Kg2 Kc6 57. Ra7 Bc7 58. Bxc5 Rc3 59. Be3 Rxc4 60. Kf3
Rc3 61. Ra6+ Kd7 62. Kg2 Bd6 63. Ra7+ Ke6 64. Ra6 Kd7 65. Ra7+ Rc7 66. Ra5 Rb7
67. Ra6 Be7 68. Kf3 Rc7 69. Ra5 Bd6 70. Rb5 Rc6 71. Ra5 Bc7 72. Ra7 Ke6 73. Rb7
Bd8 74. Rb8 Be7 75. Re8 Kd7 76. Ra8 f6 77. Rg8 fxg5 78. hxg5 Bb4 79. Rg7+ Ke8
80. Kg3 Kf8 81. Rb7 Bd6 82. Rd7 Be7 83. Rd5 Bd6 84. Rb5 Kf7 85. Rb7+ Be7 86.
Kg2 Ke6 87. Rb5 Bd6 88. Rb7 Bc7 89. Rb5 Bd6 90. Ra5 Bb4 91. Rb5 Bc3 92. Rb7 Bd4
93. Rg7 Bxe3 94. Rxg6+ Kd7 95. Rxc6 Kxc6 96. fxe3 Kd6 97. Kg3 1-0

[Event "31. DSenEM2019 Gruppe 65+"]
[Site "Radebeul"]
[Date "2019.05.02"]
[Round "7.22"]
[White "Jacob, Helmut"]
[Black "Scharff, Klaus"]
[Result "1/2-1/2"]
[WhiteElo "2107"]
[BlackElo "1918"]
[PlyCount "142"]
[EventDate "2019.??.??"]
[WhiteTeam "SK Ochtrup"]
[BlackTeam "SV Opladen"]

1. e4 e6 2. Nf3 d6 3. d4 Nd7 4. c4 Ne7 5. Nc3 a6 6. Be3 h6 7. Be2 c6 8. Qc2 b5
9. a3 Bb7 10. O-O g5 11. d5 cxd5 12. exd5 exd5 13. cxb5 Bg7 14. bxa6 Bxa6 15.
Bxa6 Rxa6 16. Rad1 Ne5 17. Nd4 O-O 18. Nf5 Qd7 19. Nxe7+ Qxe7 20. Nxd5 Qb7 21.
Nb4 Rc8 22. Qe2 Ra5 23. Bd4 Re8 24. Qd2 Raa8 25. Qc2 Rac8 26. Qf5 Rc4 27. Bxe5
Bxe5 28. Nd3 Qb5 29. g3 Qb7 30. Rd2 Bg7 31. Qh3 d5 32. Qg2 Qd7 33. b4 d4 34.
Qf3 Rc3 35. Ra1 Qb5 36. Kg2 g4 37. Qd1 h5 38. a4 Qc4 39. a5 Bh6 40. Nf4 Bxf4
41. gxf4 d3 42. a6 Qxb4 43. Qa4 Qxa4 44. Rxa4 Ra8 45. Ra5 Kg7 46. a7 Kg6 47.
Kg3 Rc7 48. Rg5+ Kh6 49. Rxd3 f6 50. Rgd5 Rcxa7 51. Rd6 Ra6 52. R6d5 Ra3 53. f3
gxf3 54. Kxf3 Rxd3+ 55. Rxd3 Ra5 56. Ke4 Ra4+ 57. Kf5 Ra2 58. Kxf6 Rxh2 59. Rd8
Kh7 60. f5 h4 61. Rd4 Kh6 62. Rd8 Kh7 63. Kf7 h3 64. Rd4 Kh6 65. f6 Rh1 66. Kf8
Kh5 67. f7 h2 68. Rd2 Kh4 69. Re2 Kh3 70. Ke8 Rf1 71. Rxh2+ Kxh2 1/2-1/2

[Event "31. DSenEM2019 Gruppe 65+"]
[Site "Radebeul"]
[Date "2019.05.02"]
[Round "7.23"]
[White "Just, Gabriele"]
[Black "Villing, Dieter"]
[Result "0-1"]
[WhiteElo "1855"]
[BlackElo "2100"]
[PlyCount "64"]
[EventDate "2019.??.??"]
[WhiteTeam "SG Leipzig"]
[BlackTeam "SK Ludwigshafen"]

1. d4 d6 2. Bf4 g6 3. Nf3 Bg7 4. Nbd2 Nd7 5. c3 e5 6. dxe5 dxe5 7. Bg5 f6 8.
Bh4 g5 9. Bg3 Nc5 10. Qc2 Ne7 11. e4 O-O 12. Bc4+ Kh8 13. O-O Qe8 14. b4 Ne6
15. Qb3 Ng6 16. Rfd1 h5 17. h4 g4 18. Ne1 Bh6 19. Bxe6 Bxe6 20. c4 Rd8 21. Qc2
Rd4 22. Nd3 b6 23. Nb2 Qa8 24. f3 Rfd8 25. Nb3 R4d7 26. Rxd7 Rxd7 27. Rd1 gxf3
28. gxf3 Qd8 29. Qe2 Rxd1+ 30. Qxd1 Qxd1+ 31. Nxd1 Bxc4 32. Kf2 Bf8 0-1